Microcomputing : annual edition 1993-1994

Bibliographic Details
Main Author: O'LEARY, Timothy J.
Other Authors: Williams, Brian K. . O'Leary, Linda I.
Format: Book
Published: New York : Mitchell McGraw-Hill , 1993
Subjects:

MARC

LEADER 00000cam a2200000 7i4500
001 0000004381
002 000004709
005 20000330.0
020 |a 0070488665 
090 0 0 |a 004.16   |b OLE 
100 1 |a O'LEARY, Timothy J. 
245 1 0 |a Microcomputing :   |b annual edition 1993-1994   |c Timothy J.O'Leary,Barian K.Williams and Linda I. O'Leary 
260 |a New York :   |b Mitchell McGraw-Hill ,   |c 1993 
300 |a Pagination raries 
650 0 0 |a Microcomputers 
700 1 |a Williams, Brian K. .  |a O'Leary, Linda I. 
999 |a 032904   |b BUKU   |c PINJAMAN   |e PERPUSTAKAAN KOMUNITI PETALING JAYA